| 000 | 00989nam a22002297a 4500 | ||
|---|---|---|---|
| 005 | 20250719140202.0 | ||
| 008 | 240304b ||||| |||| 00| 0 eng d | ||
| 020 | _a9781032124063 | ||
| 040 | _cAL | ||
| 041 | _aEnglish | ||
| 082 |
_a070.43 _bSEDI |
||
| 100 |
_aGail Sedorkin _9152682 |
||
| 245 |
_aInterviewing _b: a guide for journalists and professional writers |
||
| 250 | _a3rd ed. | ||
| 260 |
_aLondon _bRoutledge Taylor and Francis Group _c2023 |
||
| 300 |
_axii,180p. _bPB _c20x13cm. |
||
| 365 |
_2General _a7739 _b₹1718.00 _c₹ _d₹2202.90 _e22% _f15/02/2024 |
||
| 520 | _aThis is an essential guide to the art of interviewing, with checklists, tips and examples from leading journalists and PR specialists, covering basic to advanced techniques. Sedorkin and Forbes provide a comprehensive, step-by-step overview of how to manage the interview process. | ||
| 650 |
_2Journalism And Publishing _aReporting _9152683 |
||
| 700 |
_aForbes Amy; et.al _9152684 |
||
| 942 |
_2ddc _cBK |
||
| 999 |
_c229990 _d229990 |
||